| 000 | 01345cam a2200313 i 4500 | ||
|---|---|---|---|
| 001 | 192163 | ||
| 003 | ES-MaACL | ||
| 005 | 20250425143349.0 | ||
| 008 | 221107s2008 sp a | ||||o000 0 spa | ||
| 017 |
_aM 50902-2008 _bOficina Depósito Legal Madrid |
||
| 020 | _a9788487619472 | ||
| 040 | _cES-MaACL | ||
| 080 | _a316.62:2 | ||
| 245 | 0 | 0 |
_aReligión y violencia / _cPatxi Lanceros y Francisco Díez de Velasco (eds.) |
| 260 |
_aMadrid : _bCírculo de Bellas Artes : _b[UAM], _c[2008] |
||
| 300 |
_a290 páginas, [10] páginas de láminas (color) ; _c16 cm. |
||
| 490 | 1 | _aEdiciones pensamiento | |
| 500 | _aÍndice | ||
| 520 | _aRecoge versiones revisadas de las conferencias pronunciadas en el congreso "Religión y violencia", que coordinado por Patxi Lanceros y Francisco Díez de Velasco, se celebró en el Círculo de Bellas Artes entre el 7 y el 10 de mayo de 2007 | ||
| 650 | 4 |
_aViolencia- _xAspectos religiosos. _917813 |
|
| 700 | 1 |
_aLanceros, Patxi. _969900 _epbl |
|
| 700 | 1 |
_aDíez de Velasco, Francisco, _d1960- _epbl _9174249 |
|
| 710 | 2 |
_92817 _aCírculo de Bellas Artes (Madrid) |
|
| 830 | 1 |
_aEdiciones pensamiento _9175767 |
|
| 852 | 4 |
_aES-MaACL _jN-8119 _bR. 153093 _cDEPOJ _hDonación: editores literarios _9199445 |
|
| 942 | _cMONOGRAFIA | ||
| 999 |
_c192163 _d192163 |
||